Comuni della Provincia di Trapani (con mappa) - Statistics

Statistiche generali
  • Questo quiz è stato fatto 32 volte
  • Il punteggio medio è 20 su 25
Risposte nella Mappa
Le risposte nella mappa del quiz sottostante sono codificate secondo una scala di colori dal rosso al verde in base alla % di persone che hanno risposto correttamente.
 
Statistiche sulle risposte
Risposta % Corretto
Trapani
100%
Erice
95%
Marsala
95%
Mazara del Vallo
95%
Castelvetrano
89%
Favignana
89%
Pantelleria
89%
San Vito Lo Capo
89%
Alcamo
79%
Campobello di Mazara
79%
Custonaci
79%
Partanna
79%
Salemi
79%
Valderice
79%
Calatafimi-Segesta
74%
Gibellina
74%
Paceco
74%
Petrosino
74%
Castellammare del Golfo
68%
Misiliscemi
68%
Poggioreale
68%
Santa Ninfa
68%
Vita
68%
Salaparuta
63%
Buseto Palizzolo
58%
Nessun quiz corrispondente trovato
Distribuzione punteggi
Percentuale di utenti per punteggio
Percentile per numero di risposta
I tuoi punteggi nel tempo
Non hai fatto questo quiz